Zmenkové právo

Bibliographic Details
Main Author: Cirák, Ján, 1958- (Author)
Format: Article
Language:Slovak
ISBN:8080831831
Subjects:

MARC

LEADER 00000nab a2200000 ar4500
001 vtls008996430
003 SK-MaSNL
005 20260303065742.0
008 070606|2005 xo u|me|||||||00 ||slo
015 |a SNBRA2007/06 
038 |a SNKBUCL 
040 |a SNKBUCL  |b slo  |c SNKBUCL  |e AACR2 
041 0 |a slo  |b eng  |b slo 
044 |a xo  |c SK 
080 |a 347.457  |2 1997 
080 |a 347.745  |2 1997 
080 |a 347.746  |2 1997 
080 |a 347.747  |2 1997 
100 1 |a Cirák, Ján,  |d 1958-  |4 aut  |9 188412 
245 1 0 |a Zmenkové právo  |c Ján Cirák 
504 |a Bibliogr. odkazy 
546 |a Res. angl., slov. 
650 0 7 |a zmenkové právo  |2 snkbucl  |9 1544 
773 0 |t Notitiae Novae Facultatis Iuridicae. Ročník VIII-IX  |d Banská Bystrica : Univerzita Mateja Bela - Právnická fakulta, 2005  |g S. 82-107  |z 8080831831 
852 |a SNK  |b KIS3GCP 
958 |a SK 
958 |a NB 
999 |c 1752528  |d 1754458